MARC

LEADER 00000nam0a2200000 4500
001 355116
005 20231102010748.0
035 |a (RuTPU)RU\TPU\retro\12375 
035 |a RU\TPU\retro\12373 
090 |a 355116 
100 |a 20200702d1939 k y0rusy50 ca 
101 0 |a rus  |a eng 
102 |a RU 
105 |a a z 001zy 
200 1 |a Сборник работ рентгеноргафической лаборатории института минерального сырья  |f Всесоюзный научно-исследовательский институт минерального сырья (ВИМС) ; под ред. Е. Е. Флинта 
210 |a Ленинград  |a Москва  |c ГОНТИ НКТП  |d 1939 
215 |a 104 с.  |c ил., карты 
225 1 |a Труды Всесоюзного научно-исследовательского института минерального сырья  |v Вып. 142 
320 |9 572  |a Библиогр.: с. 102 
606 1 |a Минералы  |x Рентгенографические исследования  |2 stltpush  |3 (RuTPU)RU\TPU\subj\43950  |9 63362 
610 1 |a лабораторные работы 
610 1 |a пирофиллит 
610 1 |a минеральный состав 
610 1 |a рентгеновская аппаратура 
610 1 |a рентгено-спектральный анализ 
610 1 |a пьезокварц 
675 |a 548.5  |v 4 
702 1 |a Флинт  |b Е. Е.  |4 340 
712 0 2 |a Всесоюзный научно-исследовательский институт минерального сырья (ВИМС)  |c (Москва)  |c (1935-1991)  |2 stltpush  |3 (RuTPU)RU\TPU\col\18352 
801 1 |a RU  |b 63413507  |c 20171121 
801 2 |a RU  |b 63413507  |c 20200702  |g RCR 
942 |c BK